Normal view
MARC view
- Atrocities of second world war
Entry Topical Term
001 - CONTROL NUMBER
- control field: 108221
003 - CONTROL NUMBER IDENTIFIER
- control field: NUST
005 - DATE AND TIME OF LATEST TRANSACTION
- control field: 20230131122924.0
008 - FIXED-LENGTH DATA ELEMENTS
- fixed length control field: 230131|| aca||aabn | a|a d
040 ## - CATALOGING SOURCE
- Original cataloging agency: NUST
- Transcribing agency: NUST
150 ## - HEADING--TOPICAL TERM
- Topical term or geographic name entry element: Atrocities of second world war
670 ## - SOURCE DATA FOUND
- Source citation: Work cat.: (NUST)187192: Dukes, Paul, Sir, 108220, An EPIC of the Gestapo :, 1940
